000
00271nam a2200109Ia 4500
008
220204s9999 xx 000 0 und d
082
_a
53(038)
_b
DAI
245
0
_a
Dictionary of physical sciences
260
_a
UK
_b
Macmillan
_c
1976
700
_a
Daintith, John
942
_c
BK
999
_c
26824
_d
26824